Thinkwell's Intermediate algebra : Companion workbook

The book can be used without a computer. the workbook companion contains lecture notes, practice exercises, and sample problems in a convenient print format

Tallennettuna:
Bibliografiset tiedot
Päätekijä: Burger, Edward
Aineistotyyppi: Kirja
Kieli:Undetermined
Julkaistu: [Austin, Tex] Thinkwell Corporation 2004
Aiheet:
Tagit: Lisää tagi
Ei tageja, Lisää ensimmäinen tagi!
Thư viện lưu trữ: Trung tâm Học liệu Trường Đại học Cần Thơ
LEADER 00721nam a2200217Ia 4500
001 CTU_102520
008 210402s9999 xx 000 0 und d
020 |c 29.00 
082 |a 512.9 
082 |b B954 
100 |a Burger, Edward 
245 0 |a Thinkwell's Intermediate algebra : 
245 0 |b Companion workbook 
245 0 |c Edward Burger 
260 |a [Austin, Tex] 
260 |b Thinkwell Corporation 
260 |c 2004 
520 |a The book can be used without a computer. the workbook companion contains lecture notes, practice exercises, and sample problems in a convenient print format 
650 |a Algebra,Algebra 
904 |i Năm, H. Mai 
980 |a Trung tâm Học liệu Trường Đại học Cần Thơ